000 00533cam a22002171 4500
001 sa 64006017
003 DLC
005 20260227112037.0
008 890925s1962 ii 000 0 malo
010 _asa 64006017
035 _a(OCoLC)20387291
040 _aDLC
_cWaU
_dDLC
042 _apremarc
050 0 0 _aPK3798.V69
_bM3
130 0 _aVikramacarita.
_lMalayalam.
245 1 0 _aVikr̲amādityakathakaḷ.
260 _c[1962]
300 _a271 p.
_c18 cm.
500 _aIn Malayalam.
700 0 _aMoidu Padiyath,
_d1931-
999 _c59474
_d59474